Music Quiz

Random Music or Singers Quiz

Initially Yours: Music Quiz Stats

 Plays Quiz Updated Mar 7, 2018

Score 0/60 Timer 09:00
1 Play Today
% Correct
Billie Jean
89.3%
I Kissed a Girl
77.8%
Like a Virgin
65%
Stayin' Alive
63.7%
The Sound of Silence
62.6%
The Way You Make Me Feel
62.1%
Poker Face
61.9%
Bridge over Troubled Water
60.9%
Candle in the Wind
57.7%
Beat It
57.3%
Papa Don't Preach
53.6%
Paint It, Black
52.7%
California Girls
50.2%
How Deep is Your Love
49.9%
Crocodile Rock
49.4%
Goodbye Yellow Brick Road
49.1%
How Will I Know
47%
Mrs. Robinson
45.9%
Material Girl
45.5%
Just Dance
43.7%
Bad Romance
43.3%
Night Fever
43.2%
Say My Name
40.9%
E.T.
40.5%
Rock with You
39.7%
I Get Around
39.5%
Born This Way
38.6%
Brown Sugar
37.7%
Daniel
36.9%
Bills, Bills, Bills
35.9%
% Correct
Jive Talkin'
35.8%
No, No, No
33.7%
Wouldn't It Be Nice
33.2%
Teenage Dream
31.3%
I Am a Rock
28.3%
The Edge of Glory
27.9%
Independent Women
27.6%
Sloop John B
27.1%
Greatest Love of All
26.3%
Get Off of My Cloud
25.8%
Heal the World
24.3%
God Only Knows
23.1%
Isn't She Lovely?
21.5%
Sir Duke
21.2%
Nikita
20.1%
Signed, Sealed, Delivered I'm Yours
19.9%
Happy Birthday
19.3%
Ruby Tuesday
18.8%
My Cherie Amour
17.9%
Massachusetts
16.1%
Homeward Bound
15.7%
Part of Me
15.4%
Take a Bow
15.2%
Honky Tonk Women
14.4%
Not Like the Movies
12.8%
One Moment in Time
12%
Live to Tell
9.3%
Lose My Breath
8.1%
I'm Your Baby Tonight
7.5%
So Emotional
6.8%

You're not logged in!

Compare scores with friends on all Sporcle quizzes.
OR
Log In

Sporcle TV

Today on Sporcle TV


Watch our educational content, quiz creation guides, and fun videos on Sporcle TV.

Show Comments

Extras

Top Quizzes Today


Score Distribution

Your Account Isn't Verified!

In order to create a playlist on Sporcle, you need to verify the email address you used during registration. Go to your Sporcle Settings to finish the process.

Report this User

Report this user for behavior that violates our Community Guidelines.

Details: